000 00913nam a2200241Ia 4500
005 20240530110943.0
008 140319s2007 xx 000 0 ara d
040 _aGCL /
_cGCL
082 0 4 _a811.962 /
_bم م
100 1 _aمحمد فتوح احمد
245 1 0 _aمائة عام من الشعر المصرى الحديث /
_cتاليف محمد فتوح احمد ؛ تصدير احمد عبدالمعطى حجازى
260 _aالقاهرة :
_bالمجلس الاعلى للثقافة،
_c2007
300 _a435 ص؛
_c20 سم
650 0 4 _aالادب العربى
650 0 4 _aمصر
650 0 4 _aالمسرحية العربية
650 0 4 _aالمسرح
650 0 4 _aالمسرحيات المصرية
650 0 4 _aالمسرح والمجتمع
700 _aاحمد عبدالمعطى حجازى
_eتصدير
942 _2ddc
_cBK
999 _c66855
_d66855